000 00642cab a2200229 4500
001 ABS58474
008 090401t1998 xxu||||| |||| 00| 0 eng d
035 _a(Sirsi) u85358
041 _aeng
100 _aBingham, T.
245 _aNo duck, no dinner
260 _c1998
350 _a0
490 _aBuilding
_v263(13) 27 March 1998, 31(1)
520 _aA brief look at the difference between conditional fees and contingency fees and whether they will apply to construction cases.
650 _aCONDITIONAL FEES
650 _aCONTINGENCY FEES
650 _aNO WIN NO FEE
690 _aLAW
942 _n0
948 _c31/03/1998
999 _c53672
_d53672